[Event "21st Heart of Finland"]
[Site "Jyvaskyla FIN"]
[Date "2011.07.14"]
[Round "5"]
[White "Kanep,M"]
[Black "Tiitta,S"]
[Result "1-0"]
[WhiteElo "2531"]
[BlackElo "2176"]
[EventDate "2011.07.11"]

1. d4 d5 2. c4 dxc4 3. Nf3 a6 4. a4 Nc6 5. e3 Na5 6. Nbd2 Be6 7. Ng5 Bd5 8.
e4 e5 9. Ngf3 exd4 10. Nxd4 Bc5 11. Nf5 Qf6 12. Qg4 Be6 13. Nxg7+ Kd7 14.
Nxe6 Qxf2+ 15. Kd1 fxe6 16. Bxc4 Nxc4 17. Nxc4 Qd4+ 18. Nd2 Rd8 19. Kc2 Nf6
20. Qe2 Bb4 21. Nf3 Qxe4+ 22. Qxe4 Nxe4 23. Ne5+ Ke7 24. Rf1 Rhf8 25. Bh6
Rf5 26. Nd3 Bd6 27. Rfe1 Nf2 28. Re3 Rg8 29. Re2 Nxd3 30. Kxd3 Rd5+ 31. Kc3
Bxh2 32. Rh1 Be5+ 33. Kc2 Rc5+ 34. Kb1 Bd4 35. Bd2 Rf5 36. Rxh7+ Rf7 37.
Rh6 e5 38. Be3 Bxe3 39. Rxe3 Rg5 40. g3 Rf6 41. Rh7+ Rf7 42. Rh6 a5 43. Rc3
Kf8 44. Re6 c6 45. Rc5 Re7 46. Rf6+ Kg7 47. Rf3 Kg6 48. Rxa5 b5 49. Ra6 Re6
50. a5 e4 51. Re3 Kf5 52. Rb6 Rg8 53. a6 Ra8 54. Kc2 Ke5 55. Ra3 Kd5 56.
Kd2 Ra7 57. Rb7 Ra8 58. a7 Ree8 59. Ke3 Kc4 60. Ra6 c5 61. Rab6 Red8 62.
Ke2 Rd3 63. Re7 Rxg3 64. Rxe4+ Kd5 65. Re7 Rg2+ 66. Ke3 Rgg8 67. Rxb5 Rge8
68. Rxe8 Rxe8+ 69. Kd3 Ra8 70. Ra5 Kc6 71. Kc4 Kb6 72. Ra3 Kc6 73. Ra6+ Kb7
74. Kb5 Kc7 75. Kxc5 Kb7 76. Kb5 Kc7 77. Rh6 Rg8 78. Rh7+ Kc8 79. a8=R+ 1-0

[Event "21st Heart of Finland"]
[Site "Jyvaskyla FIN"]
[Date "2011.07.14"]
[Round "5"]
[White "Rantanen,Y"]
[Black "Hintikka,E"]
[Result "1-0"]
[WhiteElo "2382"]
[BlackElo "2118"]
[EventDate "2011.07.11"]

1. e4 e5 2. Nf3 Nc6 3. Bb5 a6 4. Ba4 Nf6 5. O-O b5 6. Bb3 Bc5 7. c3 Qe7 8.
d4 Bb6 9. Bd5 Bb7 10. dxe5 Ng4 11. Bg5 f6 12. exf6 gxf6 13. Bh4 O-O-O 14.
a4 Nce5 15. Bxb7+ Kxb7 16. axb5 axb5 17. Na3 c6 18. Nd4 h5 19. h3 d5 20.
Qe2 Nc4 21. exd5 Qxe2 22. dxc6+ Kc8 23. Nxe2 Nxa3 24. Rxa3 Rhe8 25. hxg4
Kc7 26. Nd4 b4 27. Bg3+ 1-0

[Event "21st Heart of Finland"]
[Site "Jyvaskyla FIN"]
[Date "2011.07.14"]
[Round "5"]
[White "Reshetov,V"]
[Black "Yrjola,J"]
[Result "0-1"]
[WhiteElo "2121"]
[BlackElo "2366"]
[EventDate "2011.07.11"]

1. e4 c5 2. Nf3 Nc6 3. b3 e5 4. c4 g6 5. d3 Bg7 6. g3 Nge7 7. Bg2 O-O 8.
O-O d6 9. Nc3 f5 10. Rb1 h6 11. exf5 Bxf5 12. Nh4 Be6 13. Nd5 g5 14. Nxe7+
Nxe7 15. Nf3 Nc6 16. Be3 Bg4 17. h3 Bh5 18. g4 Bg6 19. Ne1 Qe7 20. Be4 Bxe4
21. dxe4 Nd4 22. Bxd4 exd4 23. f3 a6 24. Nd3 b5 25. a4 Qe6 26. Qc2 Rfb8 27.
Kg2 Rb7 28. Rb2 Rab8 29. Rfb1 Kh8 30. Qc1 Bf6 31. Qc2 Kg7 32. axb5 axb5 33.
Ra1 bxc4 34. bxc4 Rxb2 35. Nxb2 Qf7 36. Nd3 Qb7 37. Ra2 Qb3 38. Kf2 Qc3 39.
Ke2 Rb3 40. Ra7+ Kf8 41. Ra2 Ke7 42. Ra7+ Ke6 43. Ra2 Be5 44. Ne1 Qe3+ 45.
Kf1 Bg3 46. Ng2 Qxf3+ 47. Kg1 Rc3 48. Qb2 0-1

[Event "21st Heart of Finland"]
[Site "Jyvaskyla FIN"]
[Date "2011.07.14"]
[Round "5"]
[White "Nyysti,S"]
[Black "Anttila,P"]
[Result "0-1"]
[WhiteElo "2348"]
[BlackElo "2109"]
[EventDate "2011.07.11"]

1. e4 e6 2. d4 d5 3. Nc3 h6 4. Bd3 Nc6 5. Nf3 Nb4 6. Bb5+ c6 7. Be2 Nf6 8.
e5 Ne4 9. a3 Nxc3 10. bxc3 Na6 11. O-O c5 12. Ne1 Qa5 13. Bd2 c4 14. Qb1
Bd7 15. g3 O-O-O 16. Ng2 Nc7 17. a4 Na8 18. Qb2 Nb6 19. Rfb1 Bc6 20. Ne3
Nxa4 21. Qc1 Qc7 22. f4 g6 23. Qe1 Kb8 24. g4 Be7 25. Kh1 f6 26. exf6 Bd6
27. Ng2 Rdf8 28. Qg1 Rxf6 29. Rf1 g5 30. fxg5 Rxf1 31. Rxf1 hxg5 32. h4
gxh4 33. Nf4 Qh7 34. Qe3 e5 35. Nh5 Qxc2 36. g5 exd4 37. Qxd4 Re8 38. Bf4
Qxe2 39. Bxd6+ Ka8 40. Rg1 Qxh5 41. g6 Qf3+ 0-1

[Event "21st Heart of Finland"]
[Site "Jyvaskyla FIN"]
[Date "2011.07.14"]
[Round "5"]
[White "Kiltti,J"]
[Black "Immonen,V"]
[Result "1-0"]
[WhiteElo "2254"]
[BlackElo "2108"]
[EventDate "2011.07.11"]

1. c4 g6 2. Nc3 Nf6 3. g3 Bg7 4. Bg2 O-O 5. Nf3 d6 6. O-O Nc6 7. d4 a6 8.
d5 Na5 9. b3 c5 10. Bb2 Rb8 11. a4 Bd7 12. Nd2 b5 13. axb5 axb5 14. cxb5
Bxb5 15. Ra3 Qb6 16. Qa1 Ra8 17. Qa2 Ra6 18. Ra1 Rfa8 19. Bf1 Nd7 20. Nxb5
Bxb2 21. Qxb2 Qxb5 22. e4 c4 23. Qc3 Ne5 24. bxc4 Qc5 25. Nb3 Nxb3 26. Rxa6
Rxa6 27. Rxa6 Nd2 28. Ra8+ Kg7 29. Ra5 Nxe4 30. Rxc5 Nxc3 31. Rc7 Kf6 32.
f4 Nf3+ 33. Kg2 Nd2 34. Bd3 Na4 35. Kf2 Nc5 36. Ke3 Nxd3 37. Kxd2 Nc5 38.
g4 h6 39. Ke3 g5 40. f5 Na6 41. Rc8 Kg7 42. Kd4 Kf6 43. Rc6 Nb8 44. c5 e5+
45. Ke4 Nxc6 46. dxc6 Ke7 47. c7 Kd7 48. cxd6 1-0

[Event "21st Heart of Finland"]
[Site "Jyvaskyla FIN"]
[Date "2011.07.14"]
[Round "5"]
[White "Jantti,P"]
[Black "Valli,F"]
[Result "0-1"]
[WhiteElo "2099"]
[BlackElo "2242"]
[EventDate "2011.07.11"]

1. d4 d5 2. Nf3 Nf6 3. c4 c6 4. Nc3 e6 5. Qd3 dxc4 6. Qxc4 b5 7. Qd3 a6 8.
g3 c5 9. Bg2 Bb7 10. O-O Nbd7 11. b3 cxd4 12. Qxd4 Bc5 13. Qh4 Rc8 14. Bb2
O-O 15. Rac1 Qb6 16. e3 Rfd8 17. g4 Bxf3 18. Bxf3 Ne5 19. Be2 Rd2 20. Ba1
Rxe2 21. Qg3 Rxe3 22. fxe3 Bxe3+ 23. Kg2 Bxc1 24. Qxe5 Nxg4 25. Nd5 Nxe5
26. Nxb6 Rc2+ 27. Kg3 Be3 28. Bxe5 Bxb6 0-1

[Event "21st Heart of Finland"]
[Site "Jyvaskyla FIN"]
[Date "2011.07.14"]
[Round "5"]
[White "Hyotyla,T"]
[Black "Pudas,T"]
[Result "1/2-1/2"]
[WhiteElo "1794"]
[BlackElo "2228"]
[EventDate "2011.07.11"]

1. d4 d5 2. c4 dxc4 3. Nf3 Nf6 4. e3 e6 5. Bxc4 a6 6. Bb3 c5 7. O-O b5 8.
Nc3 Bb7 9. dxc5 Nbd7 10. c6 Bxc6 11. Bc2 Be7 12. b3 Rc8 13. Bb2 Qa5 14. Ne2
O-O 15. a3 Rfd8 16. b4 Qc7 17. Rc1 Nb6 18. Bd4 Nc4 19. Qe1 Qb7 20. Ng3 Nxa3
21. Bb3 Bxf3 22. gxf3 Qxf3 23. Ra1 Nc2 24. Bxc2 Rxc2 1/2-1/2

[Event "21st Heart of Finland"]
[Site "Jyvaskyla FIN"]
[Date "2011.07.14"]
[Round "5"]
[White "Bicer,Sena Aksel"]
[Black "Kivipelto,KE"]
[Result "1/2-1/2"]
[WhiteElo "1758"]
[BlackElo "2190"]
[EventDate "2011.07.11"]

1. e4 Nf6 2. e5 Nd5 3. d4 d6 4. Nf3 Nb6 5. Bb5+ c6 6. Be2 dxe5 7. Nxe5 N8d7
8. O-O Nxe5 9. dxe5 Bf5 10. Bd3 Bxd3 11. cxd3 e6 12. Nc3 Qd4 13. Qe2 Nd7
14. Be3 Qxe5 15. f4 Qa5 16. f5 e5 17. Ne4 Nf6 18. Ng5 h6 19. Nf3 O-O-O 20.
Bd2 Qd5 21. Qxe5 Bc5+ 22. Kh1 Rhe8 23. Qxd5 Rxd5 24. d4 Bb6 25. Bc3 Rxf5
26. Ne5 Rxf1+ 27. Rxf1 Re7 28. Bb4 Re6 29. Bc3 Re7 30. Bb4 Re6 31. Bc3 Re7
32. Bb4 1/2-1/2

[Event "21st Heart of Finland"]
[Site "Jyvaskyla FIN"]
[Date "2011.07.14"]
[Round "5"]
[White "Agopov,M"]
[Black "Penttila,T"]
[Result "1-0"]
[WhiteElo "2443"]
[BlackElo "2046"]
[EventDate "2011.07.11"]

1. e4 e6 2. d4 d5 3. Nc3 Nf6 4. e5 Nfd7 5. f4 c5 6. Nf3 Nc6 7. Be3 a6 8.
Qd2 b5 9. a3 Bb7 10. Ne2 cxd4 11. Nexd4 Nxd4 12. Bxd4 Rc8 13. Bd3 Nc5 14.
O-O Nxd3 15. cxd3 Bc5 16. Rfc1 Bxd4+ 17. Nxd4 O-O 18. Rxc8 Qxc8 19. Rc1 Qd7
20. Qa5 Rc8 21. Rxc8+ Qxc8 22. Kf2 h6 23. Qb6 Qc1 24. Qxb7 Qxb2+ 25. Ne2
Qxa3 26. Qc8+ Kh7 27. Qc3 Qa2 28. Qb4 Qc2 29. Ke3 Qc6 30. g4 Qb6+ 31. Nd4
Qc7 32. Qa3 g5 33. Nf3 gxf4+ 34. Kxf4 a5 35. Qf8 b4 36. g5 h5 37. g6+ Kxg6
38. Qg8+ Kh6 39. Qh8+ Kg6 40. Nh4+ 1-0

[Event "21st Heart of Finland"]
[Site "Jyvaskyla FIN"]
[Date "2011.07.14"]
[Round "5"]
[White "Kiik,K"]
[Black "Ladva,O"]
[Result "1-0"]
[WhiteElo "2425"]
[BlackElo "2037"]
[EventDate "2011.07.11"]

1. c4 Nf6 2. Nc3 c6 3. e4 d5 4. cxd5 cxd5 5. exd5 Nxd5 6. Nf3 e6 7. Bc4
Nxc3 8. bxc3 Qc7 9. Bb3 Bd6 10. O-O O-O 11. d4 Nd7 12. Qd3 Re8 13. Bc2 Nf8
14. c4 b6 15. Bb2 Bb7 16. Ba4 Rec8 17. Rac1 Ng6 18. g3 e5 19. d5 Rf8 20.
Ng5 Be7 21. h4 Qd6 22. Ne4 Qb4 23. Qc2 Bxh4 24. gxh4 Qe7 25. f3 f5 26. Ng3
Nxh4 27. Qh2 Qg5 28. Kh1 Rf6 29. Bxe5 Rh6 30. f4 Qd8 31. Kg1 b5 32. Qb2
Qb6+ 33. Bd4 Qg6 34. Rc3 a6 35. Bb3 b4 36. Re3 Re8 37. Rxe8+ Qxe8 38. Qf2
Qd8 39. Re1 Ng6 40. Qe3 Qh4 1-0

[Event "21st Heart of Finland"]
[Site "Jyvaskyla FIN"]
[Date "2011.07.14"]
[Round "5"]
[White "Vehkalahti,V"]
[Black "Tuomala,Ti"]
[Result "1/2-1/2"]
[WhiteElo "2024"]
[BlackElo "2240"]
[EventDate "2011.07.11"]

1. d4 Nf6 2. Bg5 e6 3. e4 h6 4. Bxf6 Qxf6 5. Nf3 c5 6. c3 cxd4 7. cxd4 Bb4+
8. Nbd2 Nc6 9. a3 Ba5 10. b4 Bb6 11. e5 Qe7 12. Nc4 Bc7 13. Bd3 d5 14. Ne3
Bb6 15. Bc2 Bd7 16. O-O a6 17. Rb1 Na7 18. a4 Rc8 19. Qd2 Kf8 20. Rfc1 Qe8
21. a5 Bd8 22. Bd3 Bb5 23. Rxc8 Nxc8 24. Bxb5 Qxb5 25. Qc3 Na7 26. Nc2 Be7
27. Qc7 Qc6 28. Qxc6 bxc6 29. Nfe1 Ke8 30. Nd3 Kd7 31. Kf1 Nb5 32. Rb3 Rb8
33. Ke2 Nc7 34. Nb2 c5 35. dxc5 Bxc5 36. Na4 Ba7 37. Rf3 Ke7 38. Rc3 Kd7
39. Rf3 Rf8 40. Rg3 g6 41. Rf3 Nb5 42. Kd2 Ke7 43. Nc5 Bxc5 44. bxc5 Rc8
45. Nb4 Nc7 1/2-1/2

[Event "21st Heart of Finland"]
[Site "Jyvaskyla FIN"]
[Date "2011.07.14"]
[Round "5"]
[White "Ronka,E"]
[Black "Franssila,T"]
[Result "0-1"]
[WhiteElo "2023"]
[BlackElo "2213"]
[EventDate "2011.07.11"]

1. d4 d5 2. c4 c6 3. Nf3 e6 4. e3 Bd6 5. Qc2 f5 6. Nbd2 Nf6 7. b3 O-O 8.
Bb2 Ne4 9. Ne5 Bb4 10. Nef3 f4 11. Bc1 fxe3 12. fxe3 e5 13. Be2 Bf5 14. Bd3
Nxd2 15. Bxd2 Bxd3 16. Qxd3 e4 17. Qc2 Na6 18. Ne5 Qg5 19. O-O-O Qxg2 20.
Rhg1 Qxh2 21. Rg5 Bxd2+ 22. Rxd2 Qh1+ 23. Kb2 Rf6 24. Rh2 Qf1 25. Rhg2 g6
26. Ng4 Re6 27. Rf2 Qe1 28. Nh6+ Kh8 29. Re2 Qa5 30. a3 Rf8 31. Rf2 Ref6
32. Rxf6 Rxf6 33. Qh2 Qc7 34. Re5 Rf8 35. Qh4 Qd6 36. Ng4 h5 37. c5 Qd7 38.
Nh6 Nxc5 39. dxc5 Qg7 40. Qe7 Qxh6 0-1

[Event "21st Heart of Finland"]
[Site "Jyvaskyla FIN"]
[Date "2011.07.14"]
[Round "6"]
[White "Sulskis,S"]
[Black "Jarvenpaa,J"]
[Result "0-1"]
[WhiteElo "2591"]
[BlackElo "2214"]
[EventDate "2011.07.11"]

1. e4 c6 2. d4 d5 3. e5 c5 4. c4 e6 5. cxd5 exd5 6. Nf3 Nc6 7. Bb5 a6 8.
Bxc6+ bxc6 9. O-O Bg4 10. dxc5 Qd7 11. Be3 Rb8 12. h3 Bxf3 13. Qxf3 Ne7 14.
Nc3 Ng6 15. Bd4 Be7 16. Qe2 Nf4 17. Qxa6 O-O 18. Rfd1 Rxb2 19. Qf1 Rfb8 20.
Rab1 Bf8 21. Be3 Qf5 22. Rxb2 Rxb2 23. Rb1 Ne2+ 24. Kh1 d4 25. Ne4 Rxa2 26.
Nd6 Qxe5 27. Bd2 Rxd2 28. Nc4 Qf4 29. Nxd2 Qxd2 30. Rb6 d3 31. Rxc6 Qc2 0-1

[Event "21st Heart of Finland"]
[Site "Jyvaskyla FIN"]
[Date "2011.07.14"]
[Round "6"]
[White "Yrjola,J"]
[Black "Vorotnikov,V1"]
[Result "1/2-1/2"]
[WhiteElo "2366"]
[BlackElo "2422"]
[EventDate "2011.07.11"]

1. d4 Nf6 2. c4 e6 3. Nf3 Bb4+ 4. Bd2 a5 5. g3 Nc6 6. Bg2 d6 7. O-O e5 8.
Bg5 h6 9. Bxf6 Qxf6 10. a3 e4 11. axb4 exf3 12. Bxf3 Nxd4 13. Nc3 Nxf3+ 14.
exf3 O-O 15. Nd5 Qxb2 16. Nxc7 Bh3 17. Nxa8 Bxf1 18. Qxf1 Rxa8 19. bxa5 Qc3
20. Qd1 Qxc4 21. Qxd6 Qa6 22. Qxa6 1/2-1/2

[Event "21st Heart of Finland"]
[Site "Jyvaskyla FIN"]
[Date "2011.07.14"]
[Round "6"]
[White "Valli,F"]
[Black "Kanep,M"]
[Result "1/2-1/2"]
[WhiteElo "2242"]
[BlackElo "2531"]
[EventDate "2011.07.11"]

1. e4 c5 2. Nf3 Nc6 3. d4 cxd4 4. Nxd4 Qb6 5. Nb3 Nf6 6. Nc3 e6 7. Qe2 Bb4
8. Bd2 O-O 9. a3 Be7 10. O-O-O d5 11. e5 Nd7 12. f4 a6 13. Be3 Qc7 14. Qh5
Rd8 15. Bd3 Nf8 16. Bd4 Nxd4 17. Nxd4 Bxa3 18. Nce2 Bc5 19. Nf3 a5 20. g4
a4 21. f5 Be3+ 22. Kb1 a3 23. b3 Bf4 24. Ka2 Bxe5 25. fxe6 f6 26. Nxe5 fxe5
27. Rhf1 g6 28. Rf7 gxh5 29. Rxc7 Nxe6 30. Bxh7+ Kh8 31. Re7 hxg4 32. Bf5
Nf4 33. Nxf4 exf4 34. Be4 Be6 35. Bd3 Re8 36. Rxb7 f3 37. Re1 d4 38. Rg1
Rf8 39. Re1 Rfe8 40. Rf1 Rf8 41. Re1 Bf5 42. Ree7 f2 43. Bxf5 Rxf5 44. Rh7+
Kg8 45. Rhg7+ 1/2-1/2

[Event "21st Heart of Finland"]
[Site "Jyvaskyla FIN"]
[Date "2011.07.14"]
[Round "6"]
[White "Anttila,P"]
[Black "Rantanen,Y"]
[Result "0-1"]
[WhiteElo "2109"]
[BlackElo "2382"]
[EventDate "2011.07.11"]

1. d4 Nf6 2. Nd2 d5 3. c4 g6 4. cxd5 Qxd5 5. Ngf3 Bg7 6. Qc2 Qd8 7. a3 Nc6
8. e3 O-O 9. b4 Bf5 10. Bd3 Bxd3 11. Qxd3 e5 12. b5 Nxd4 13. Nxe5 Ne6 14.
Qxd8 Rfxd8 15. Bb2 a6 16. bxa6 Rxa6 17. Ke2 Nd7 18. Ndc4 Nb6 19. Rhd1 Rxd1
20. Kxd1 Na4 21. Rb1 b5 22. Ba1 bxc4 23. Rb8+ Nf8 24. Kc2 Re6 25. Nd7 Bxa1
26. Nxf8 Rb6 27. Ra8 Rb2+ 28. Kc1 Nb6 29. Rb8 Kg7 30. a4 Nxa4 31. Ra8 0-1

[Event "21st Heart of Finland"]
[Site "Jyvaskyla FIN"]
[Date "2011.07.14"]
[Round "6"]
[White "Kiuttu,R"]
[Black "Kiltti,J"]
[Result "1/2-1/2"]
[WhiteElo "2283"]
[BlackElo "2254"]
[EventDate "2011.07.11"]

1. e4 e5 2. Bc4 Nf6 3. d3 c6 4. Nf3 d5 5. Bb3 Bd6 6. O-O O-O 7. exd5 Nxd5
8. Re1 Bg4 9. h3 Bxf3 10. Qxf3 Nf4 11. Nd2 Nd7 12. Ne4 Bc7 13. g3 Nd5 14.
Bg5 f6 15. Bd2 Kh8 16. h4 Qe7 17. a3 a5 18. Qf5 Nc5 19. Nxc5 Qxc5 20. c3
Ne7 21. Qe4 f5 22. Qe2 Nd5 23. d4 exd4 24. cxd4 Qxd4 25. Rad1 Qxb2 26. Bxd5
cxd5 27. Rb1 Qxa3 28. Rxb7 Bd6 29. Bc1 Qc5 30. Bb2 d4 31. Qd3 Qd5 32. Rb5
Qf7 33. Qxd4 Bb4 34. Ree5 Rad8 35. Red5 Rxd5 36. Rxd5 Qg6 37. Rd7 Rg8 38.
Qd5 h6 39. Rf7 Kh7 40. Rxf5 Rd8 41. Qf3 Rd2 42. h5 Qd6 43. Bxg7 Kxg7 44.
Rf7+ Kg8 45. Qf5 Qd3 46. Qf6 Rd1+ 47. Kh2 Rh1+ 48. Kxh1 Qd5+ 49. Kg1 Qxf7
50. Qxh6 Qf5 51. Kg2 Bf8 52. Qc6 Qxh5 53. Qe6+ Kh7 54. Qd7+ Bg7 55. Qd3+
Qg6 56. Qc4 Qf5 57. g4 Qb1 58. Qd5 Qb6 59. f4 Qg6 60. Qxa5 Qxg4+ 61. Kf2
Qxf4+ 62. Ke2 Qe4+ 63. Kd1 Kg6 64. Qd2 Kf7 1/2-1/2

[Event "21st Heart of Finland"]
[Site "Jyvaskyla FIN"]
[Date "2011.07.14"]
[Round "6"]
[White "Pudas,T"]
[Black "Agopov,M"]
[Result "0-1"]
[WhiteElo "2228"]
[BlackElo "2443"]
[EventDate "2011.07.11"]

1. e4 c5 2. c3 Nf6 3. e5 Nd5 4. Nf3 Nc6 5. Bc4 Nb6 6. Bb3 c4 7. Bc2 Qc7 8.
O-O Nxe5 9. Nxe5 Qxe5 10. a4 d5 11. Re1 Qf6 12. a5 Nd7 13. Na3 Nc5 14. Nb5
Qc6 15. Nd4 Qd6 16. Qf3 Bd7 17. d3 cxd3 18. b4 dxc2 19. bxc5 Qxc5 20. Ba3
Qc4 21. Nxc2 e6 22. Qg3 Bxa3 23. Nxa3 Qc5 24. Qxg7 O-O-O 25. c4 Rhg8 26.
Qxh7 d4 27. Qd3 Bc6 28. f3 Rg6 29. a6 bxa6 30. Re2 Qh5 31. Rf2 Rh8 32. Kf1
Qxh2 33. Qxd4 e5 34. Qb2 Qf4 35. Rb1 Rh1+ 36. Ke2 Rxb1 37. Nxb1 Rxg2 38.
Rxg2 Qxf3+ 39. Ke1 Qxg2 40. Qxe5 Qg1+ 41. Kd2 Qxb1 42. Qc5 Qe4 43. Qf8+ Qe8
44. Qc5 f6 45. Kc2 Qe4+ 46. Kb3 Kb7 47. Qf8 Qe3+ 48. Kb2 Qd4+ 49. Kb3 a5
50. Qf7+ Kb6 51. c5+ Kb5 0-1

[Event "21st Heart of Finland"]
[Site "Jyvaskyla FIN"]
[Date "2011.07.14"]
[Round "6"]
[White "Novik,Ma"]
[Black "Sassi,P"]
[Result "1-0"]
[WhiteElo "2478"]
[BlackElo "2069"]
[EventDate "2011.07.11"]

1. Nf3 c5 2. e4 e6 3. d4 cxd4 4. Nxd4 Nf6 5. Nc3 d6 6. f4 Nc6 7. Be3 Be7 8.
Qf3 a6 9. O-O-O Qc7 10. g4 O-O 11. g5 Nd7 12. Rg1 Nxd4 13. Bxd4 b5 14. Qh5
Re8 15. g6 fxg6 16. Rxg6 hxg6 17. Qxg6 Bf8 18. Qxe8 Nc5 19. Bxc5 Qxc5 20.
f5 b4 21. fxe6 bxc3 22. e7 Qg5+ 23. Kb1 1-0

[Event "21st Heart of Finland"]
[Site "Jyvaskyla FIN"]
[Date "2011.07.14"]
[Round "6"]
[White "Kivipelto,KE"]
[Black "Lauk,U"]
[Result "0-1"]
[WhiteElo "2190"]
[BlackElo "2403"]
[EventDate "2011.07.11"]

1. Nf3 Nf6 2. g3 d5 3. c4 c6 4. b3 Bf5 5. Ba3 g6 6. Bg2 Bg7 7. Bb2 O-O 8.
d3 a5 9. O-O Na6 10. Nbd2 a4 11. cxd5 cxd5 12. bxa4 Nc5 13. Bd4 Nxa4 14.
Rb1 Nd7 15. Rxb7 e5 16. Ba1 Nac5 17. Rb5 d4 18. Nc4 Qc7 19. Qd2 Ra4 20. Rc1
Be6 21. Ng5 Bxc4 22. Rxc4 Rxc4 23. dxc4 Bh6 24. h4 f6 25. Bd5+ Kg7 26. f4
fxg5 27. fxg5 Bxg5 28. hxg5 Rf5 29. Qa5 Qd6 30. Qd8 Rf8 31. Qa5 Qe7 32. Qd2
Rf5 33. Bxd4 exd4 34. Qxd4+ Re5 35. e4 Qxg5 36. Rxc5 Qxg3+ 37. Kf1 Qf4+ 38.
Ke2 Nxc5 39. Qxc5 Rg5 0-1

[Event "21st Heart of Finland"]
[Site "Jyvaskyla FIN"]
[Date "2011.07.14"]
[Round "6"]
[White "Alho,S"]
[Black "Sepman,Y"]
[Result "0-1"]
[WhiteElo "2160"]
[BlackElo "2319"]
[EventDate "2011.07.11"]

1. e4 e5 2. Nf3 Nc6 3. Bb5 Nf6 4. O-O Nxe4 5. Re1 Nd6 6. Bxc6 dxc6 7. Nxe5
Be7 8. d4 Be6 9. Nd2 Nf5 10. c3 c5 11. dxc5 Bxc5 12. Qa4+ c6 13. Ne4 Be7
14. Rd1 Qb6 15. g4 Nh4 16. Be3 Qc7 17. Bf4 Nf3+ 18. Nxf3 Qxf4 19. Ne1 Qxg4+
20. Kh1 O-O 21. f3 Qf4 22. Rd4 b5 23. Qc2 Rad8 24. Rad1 Rxd4 25. Rxd4 Bd5
26. Qe2 Qc1 27. Rd1 Qh6 28. Nc2 f5 29. Ng3 Bd6 30. Kg2 Qg6 31. Kf2 Qh6 32.
Kg2 Qg6 33. Kf2 Bc5+ 34. Nd4 Qh6 35. Kg2 Qg6 36. Kh1 Re8 37. Qf2 Qg4 38.
Rd3 f4 39. Nge2 g5 40. Qf1 Qh5 41. Qg2 Kh8 42. h3 Re5 43. Qg4 Qxg4 44. hxg4
Bxa2 45. Kg2 Bc4 46. Rd2 Bd5 0-1

[Event "21st Heart of Finland"]
[Site "Jyvaskyla FIN"]
[Date "2011.07.14"]
[Round "6"]
[White "Nyysti,S"]
[Black "Wallin,A"]
[Result "1/2-1/2"]
[WhiteElo "2348"]
[BlackElo "2069"]
[EventDate "2011.07.11"]

1. e4 g6 2. d4 Bg7 3. Nc3 d6 4. Be3 a6 5. f4 b5 6. Nf3 Bb7 7. Bd3 Nf6 8. e5
Nd5 9. Nxd5 Bxd5 10. Qe2 Nd7 11. a4 O-O 12. O-O c6 13. Ng5 Qc7 14. h4 c5
15. c3 cxd4 16. cxd4 Bc4 17. axb5 axb5 18. Rac1 Qb7 19. Bxc4 bxc4 20. Qxc4
Rac8 21. Qa2 Ra8 22. Qb1 Qd5 23. h5 Rab8 24. Rc7 dxe5 25. dxe5 Rb3 26. hxg6
hxg6 27. Rd1 Rxb2 28. Rxd5 Rxb1+ 29. Kh2 Nb6 30. Rd3 Na4 31. Rxe7 Bh6 32.
Ne4 Rb4 33. Nf6+ Kg7 34. Nd5 Re4 35. g4 Nb2 36. Rb3 Rd8 37. Rxb2 Rxd5
1/2-1/2

[Event "21st Heart of Finland"]
[Site "Jyvaskyla FIN"]
[Date "2011.07.14"]
[Round "6"]
[White "Tuomala,Ti"]
[Black "Kilpela,P"]
[Result "1/2-1/2"]
[WhiteElo "2240"]
[BlackElo "2077"]
[EventDate "2011.07.11"]

1. Nf3 b5 2. e3 a6 3. a4 b4 4. d4 Nf6 5. c3 e6 6. Nbd2 d5 7. a5 bxc3 8.
bxc3 Bd6 9. c4 c5 10. dxc5 Bxc5 11. Nb3 Bb4+ 12. Bd2 Qe7 13. Ra4 Bxd2+ 14.
Nbxd2 Bd7 15. Ra1 Nc6 16. Be2 O-O 17. O-O Rfd8 18. Qc2 Be8 19. Rfb1 Rdb8
20. Nd4 Rxb1+ 21. Qxb1 Rb8 22. Qc1 Nb4 23. Qc3 dxc4 24. Nxc4 Nbd5 25. Qc2
g6 26. Ne5 Qd6 27. Nc4 Qe7 28. Ne5 Qd6 29. Nc4 Qc7 30. Rc1 Qe7 31. e4 Nb4
32. Qb1 Nc6 33. Nxc6 1/2-1/2

[Event "21st Heart of Finland"]
[Site "Jyvaskyla FIN"]
[Date "2011.07.14"]
[Round "6"]
[White "Savola,L"]
[Black "Kivimaki,Ja"]
[Result "0-1"]
[WhiteElo "2088"]
[BlackElo "2190"]
[EventDate "2011.07.11"]

1. d4 d5 2. c4 dxc4 3. Nf3 c5 4. e3 cxd4 5. Bxc4 Qc7 6. Qb3 e6 7. exd4 Nf6
8. Nc3 a6 9. O-O Nc6 10. Be2 Be7 11. Be3 O-O 12. Rac1 Rd8 13. Rfd1 Qa5 14.
a3 Nd5 15. Nxd5 Qxd5 16. Bc4 Qh5 17. Qb6 Rd6 18. Qc5 Rd5 19. Qb6 Bd8 20.
Qb3 Na5 21. Qb4 Nxc4 22. Rxc4 Ba5 23. Qb3 b5 24. Rc2 Bb7 25. Rdc1 Rad8 26.
Bf4 Rf5 27. Qe3 Qg4 28. Bg3 Bxf3 29. gxf3 Rxf3 30. Qe2 h5 31. h3 Qf5 32.
Kg2 Rd3 33. Rc5 Rd5 34. Kh2 h4 35. Rxd5 hxg3+ 36. fxg3 exd5 37. Rf1 Qe4 0-1

[Event "21st Heart of Finland"]
[Site "Jyvaskyla FIN"]
[Date "2011.07.14"]
[Round "6"]
[White "Tiitta,S"]
[Black "Eloranta,K"]
[Result "1-0"]
[WhiteElo "2176"]
[BlackElo "2052"]
[EventDate "2011.07.11"]

1. c4 c5 2. g4 Nc6 3. Nc3 d6 4. g5 e5 5. d3 Be6 6. Bg2 Nge7 7. Nd5 Nd4 8.
h4 Nxd5 9. cxd5 Bg4 10. Bd2 Be7 11. Qc1 Bd7 12. e3 Nf5 13. Qc4 h6 14. O-O-O
hxg5 15. hxg5 Rxh1 16. Bxh1 Bxg5 17. f4 Bf6 18. Nf3 exf4 19. exf4 Qb6 20.
Re1+ Kd8 21. Ne5 dxe5 22. fxe5 Bh4 23. Re4 g5 24. e6 fxe6 25. dxe6 Bb5 26.
Qd5+ Nd6 27. a4 Kc7 28. axb5 Qxb5 29. Re5 Rf8 30. Bf3 Qc6 31. Ba5+ Kc8 32.
e7 Rxf3 33. Qe6+ Qd7 34. Rxc5+ 1-0

[Event "21st Heart of Finland"]
[Site "Jyvaskyla FIN"]
[Date "2011.07.15"]
[Round "7"]
[White "Jarvenpaa,J"]
[Black "Vorotnikov,V1"]
[Result "0-1"]
[WhiteElo "2214"]
[BlackElo "2422"]
[EventDate "2011.07.11"]

1. e4 e5 2. Nf3 Nc6 3. Bb5 a6 4. Ba4 d6 5. Bxc6+ bxc6 6. d4 exd4 7. Qxd4
Ne7 8. O-O c5 9. Qd3 Ng6 10. Nc3 Be7 11. e5 dxe5 12. Qe4 Rb8 13. Nxe5 Nxe5
14. Qxe5 O-O 15. Rd1 Bd6 16. Qh5 Rb4 17. f4 Re8 18. a3 Rd4 19. Bd2 Bb7 20.
Qh3 Re6 21. Be3 Rh6 22. Qf5 Qh4 23. Qh3 Qe7 24. Qg3 Rg6 25. Qf2 Rxg2+ 26.
Qxg2 Bxg2 27. Re1 Re4 28. Bf2 Bf3 29. Nxe4 Bxe4 0-1

[Event "21st Heart of Finland"]
[Site "Jyvaskyla FIN"]
[Date "2011.07.15"]
[Round "7"]
[White "Rantanen,Y"]
[Black "Mertanen,J"]
[Result "1-0"]
[WhiteElo "2382"]
[BlackElo "2333"]
[EventDate "2011.07.11"]

1. e4 e5 2. Nf3 Nc6 3. Bb5 a6 4. Ba4 Nf6 5. O-O Be7 6. Re1 b5 7. Bb3 d6 8.
c3 O-O 9. a4 Bg4 10. d3 Qd7 11. Nbd2 d5 12. h3 Bh5 13. exd5 Nxd5 14. axb5
axb5 15. Rxa8 Rxa8 16. Nxe5 Bxd1 17. Nxd7 Bxb3 18. Nxb3 Bd6 19. Ndc5 f6 20.
Kf1 Kf7 21. Ne4 Be7 22. d4 Ra2 23. Rd1 Nb8 24. Rd2 Nd7 25. Rc2 N7b6 26. Ke2
Nc4 27. Kd3 f5 28. Ng3 g6 29. Ne2 Bd6 30. Nd2 Ncb6 31. b3 Ra8 32. Nf3 c5
33. dxc5 Bxc5 34. Ned4 Rd8 35. Ng5+ Kg8 36. Nge6 Rc8 37. Nxc5 Rxc5 38. b4
Rc7 39. Nxb5 Rd7 40. Nd4 1-0